China and the Silk Roads (ca. 100 BC to 1800 AD) : (Record no. 49431)

MARC details
000 -LEADER
fixed length control field 02534nam a22004218i 4500
001 - ACCESSION NUMBER
control field BRILL9789004523722
003 - CONTROL NUMBER IDENTIFIER
control field nllekb
005 - DATE AND TIME OF LATEST TRANSACTION
control field 20260415154229.0
006 - FIXED-LENGTH DATA ELEMENTS--ADDITIONAL MATERIAL CHARACTERISTICS--GENERAL INFORMATION
fixed length control field m d
007 - PHYSICAL DESCRIPTION FIXED FIELD--GENERAL INFORMATION
fixed length control field cr un uuuua
008 - FIXED-LENGTH DATA ELEMENTS--GENERAL INFORMATION
fixed length control field 230131s2023 gw sb 001 0 eng d
020 ## - INTERNATIONAL STANDARD BOOK NUMBER
International Standard Book Number 9789004516120
Qualifying information (print)
020 ## - INTERNATIONAL STANDARD BOOK NUMBER
International Standard Book Number 9789004523722
Qualifying information (electronic book)
024 7# - OTHER STANDARD IDENTIFIER
Standard number or code 10.1163/9789004523722
Source of number or code DOI
035 ## - SYSTEM CONTROL NUMBER
Canceled/invalid control number (OCoLC)1330690302
040 ## - CATALOGING SOURCE
Original cataloging agency NL-LeKB
Transcribing agency NL-LeKB
Description conventions rda
041 ## - LANGUAGE CODE
Language code of text/sound track or separate title eng
050 #4 - LIBRARY OF CONGRESS CALL NUMBER
Classification number HF3838
072 #7 - SUBJECT CATEGORY CODE
Subject category code HBJF
Source bicssc
072 #7 - SUBJECT CATEGORY CODE
Subject category code HIS
Subject category code subdivision 003000
Source bisacsh
072 #7 - SUBJECT CATEGORY CODE
Subject category code HIS
Subject category code subdivision 026000
Source bisacsh
082 04 - DEWEY DECIMAL CLASSIFICATION NUMBER
Classification number 382.0951
Edition number 23
100 1# - MAIN ENTRY--PERSONAL NAME
Personal name SCHOTTENHAMMER, ANGELA,
Relator term author.
245 10 - TITLE STATEMENT
Title China and the Silk Roads (ca. 100 BC to 1800 AD) :
Remainder of title Role and Content of its Historical Access to the Outside World /
Statement of responsibility, etc Angela Schottenhammer.
300 ## - PHYSICAL DESCRIPTION
Extent 1 online resource
490 1# - SERIES STATEMENT
Series statement Asian Studies E-Books Online, Collection 2023
490 1# - SERIES STATEMENT
Series statement Crossroads - History of Interactions across the Silk Routes ;
Volume number/sequential designation 6
504 ## - BIBLIOGRAPHY, ETC. NOTE
Bibliography, etc Includes bibliographical references and index.
520 ## - SUMMARY, ETC.
Summary, etc The book investigates China's relations to the outside world between ca. 100 BCE and 1800 AD. In contrast to most histories of the Silk Roads, the focus of this book clearly lies on the maritime Silk Road and on the period between Tang and high Qing, selecting aspects that have so far been neglected in research on the history of China's relations with the outside world. The author examines, for example, the power alliance between the Tang and the Arabs during Tang times, the specific role of fanbing 蕃兵 (frontier tribal troops) during Song times, the interrelationship between maritime commerce, military expansion, and environmental factors during the Yuan, the question of whether or not early Ming China can be considered a (proto-)colonialist country, the role force and violence played during the Zheng He expeditions, and what role of the Asia-Pacific world played for late Ming and early Qing rulers.
546 ## - LANGUAGE NOTE
Language note English
651 #0 - SUBJECT ADDED ENTRY--GEOGRAPHIC NAME
Geographic name China
General subdivision Commerce
-- History.
651 #0 - SUBJECT ADDED ENTRY--GEOGRAPHIC NAME
Geographic name China
General subdivision Relations
-- History.
776 08 - ADDITIONAL PHYSICAL FORM ENTRY
Display text Print version:
Title China and the Silk Roads (ca. 100 BC to 1800 AD) : Role and Content of its Historical Access to the Outside World.
Place, publisher, and date of publication Leiden ; Boston : Brill, 2023.
International Standard Book Number 9789004516120
830 #0 - SERIES ADDED ENTRY--UNIFORM TITLE
Uniform title Asian Studies E-Books Online, Collection 2023.
830 #0 - SERIES ADDED ENTRY--UNIFORM TITLE
Uniform title Crossroads - History of Interactions across the Silk Routes ;
Volume number/sequential designation 6.
856 4# - ELECTRONIC LOCATION AND ACCESS
Uniform Resource Identifier <a href="http://dx.doi.org/10.1163/9789004523722">http://dx.doi.org/10.1163/9789004523722</a>
942 ## - ADDED ENTRY ELEMENTS (KOHA)
Source of classification or shelving scheme Dewey Decimal Classification
Koha item type Electronic Books
Holdings
Date last seen Total Checkouts Full call number Barcode Uniform Resource Identifier Price effective from Koha item type Lost status Source of classification or shelving scheme Damaged status Not for loan Withdrawn status Home library Current library Date acquired
15/04/2026   382.0951 EB04514 https://doi.org/10.1163/9789004523722 15/04/2026 Electronic Books   Dewey Decimal Classification       CUTN Central Library CUTN Central Library 15/04/2026